000 00250nam a2200097Ia 4500
005 20251222114409.0
008 251222s1900||||xx |||||||||||||| ||spa||
082 _aDVD0153/U61/2003
245 0 _aRed de información teológico y filosófico:
942 _cDVD
999 _c1975
_d1975